000
00261nam a22001097a 4500
082
_a
621.3 SHR'E
100
_a
SHRADER, R. L
_9
77556
245
_a
ELECTRICAL FUNDAMENTALS FOR TECHNICIANS
260
_a
NEWYORK
_b
MCGRAW HILL
_c
1969
300
_a
479P
942
_c
BK
999
_c
582815
_d
582815